000 00351 a2200157 4500
001 157428
020 _a978-85-359-3016-0
040 _cEscola São Tomás de Aquino
240 1 0 _a50 poemas de revolta
_l
245 1 0 _a50 poemas de revolta
300 _a143
362 0 _a2017
440 1 _aCompanhia das Letras
697 _aPoesia
942 _cBK
999 _c157428
_d157428